000
00328nam a22001337a 4500
008
170627b xxu||||| |||| 00| 0 eng d
020
_a
9780815715214
041
_a
eng
080
_a
324
100
_a
21
101
_a
SHP
245
_a
GROWING PAINS RUSSIAN DEMOCRACY AND ELECTION OF 1993
_c
COLTON.T.J
942
_2
udc
_c
BK
999
_c
19120
_d
19120